00359nam a2200133 a 450000500170000000800410001702000180005805000210007610000180009724500440011526000320015930000090019144000250020020140412111428.0090224s19uu xx 00 eng d a0-439-87122-0 aTR(PS EbIg 2007 aParker, David aI Go Shopping with dad /cDavid Parker. aU.S.A :bScholastic,c2007. aunp. aThe Best me i can be